Top 50 Countries by Highest Poverty Rate - Statistics

General Stats
  • This quiz has been taken 122 times
  • The average score is 15 of 50
Answer Stats
# Starts
With
Answer Poverty
Rate
% Correct
1 S South Sudan 82.3%
95%
9 H Haiti 58.5%
69%
5 B Burundi 64.9%
58%
20 Y Yemen 48.6%
55%
4 C Central African Republic 68.8%
53%
6 D Democratic Republic of the Congo 63.9%
53%
2 E Equatorial Guinea 76.8%
53%
14 Z Zambia 54.4%
53%
3 M Madagascar 70.7%
51%
8 E Eswatini 58.9%
46%
21 H Honduras 48%
41%
15 S Somalia 54.4%
39%
41 Z Zimbabwe 38.3%
39%
13 A Afghanistan 54.5%
35%
17 L Liberia 50.9%
35%
30 C Chad 42.3%
34%
22 G Guinea Bissau 47.7%
34%
18 M Malawi 50.7%
34%
19 L Lesotho 49.7%
33%
34 N Niger 40.8%
33%
35 N Nigeria 40.1%
33%
10 S Sierra Leone 56.8%
33%
24 S Sudan 46.5%
31%
26 T Togo 45.5%
31%
28 G Guinea 43.7%
30%
46 K Kenya 36.1%
29%
27 M Mali 44.6%
29%
25 M Mozambique 46.1%
29%
42 R Rwanda 38.2%
29%
16 G Gambia 53.4%
27%
7 G Guatemala 59.3%
27%
37 I Ivory Coast 39.5%
23%
23 S Senegal 46.7%
22%
33 R Republic of the Congo 40.9%
20%
29 C Comoros 42.4%
19%
50 K Kyrgyzstan 33.3%
18%
40 B Benin 38.5%
17%
31 E East Timor 41.8%
17%
43 C Cameroon 37.5%
16%
36 P Papua New Guinea 39.9%
16%
47 S Syria 35.2%
16%
49 G Gabon 33.4%
12%
11 S South Africa 55.5%
12%
44 B Bolivia 36.4%
11%
12 S Sao Tome and Principe 55.5%
11%
45 M Mexico 36.3%
10%
39 A Argentina 39.2%
8%
38 C Colombia 39.3%
8%
48 C Cape Verde 35.2%
4%
32 M Micronesia 41.2%
4%
No matching quizzes found
Score Distribution
Percent of People with Each Score
Percentile by Number Answered
Your Score History
You have not taken this quiz